| 000 | 01454nam a2200385 c 4500 | ||
|---|---|---|---|
| 001 | 21020 | ||
| 003 | ES-MaCES | ||
| 005 | 20160525110850.0 | ||
| 008 | 080414s2006 sp d t o000 | spa d | ||
| 017 |
_aM 55716-2007 _bDL |
||
| 020 | _a9788484172765 | ||
| 024 | 7 |
_a201-07-243-X (erróneo) _2nipo |
|
| 040 |
_aES-MaCES _bspa _cES-MaCES |
||
| 245 | 0 | 0 |
_aCalidad de los servicios para la primera infancia y estimación de la demanda _cinvestigación realizada por la Universitat de Vic ; equipo investigador, Irene Balaguer ... [et al.] |
| 260 |
_aMadrid _bSubdirección General de Información Administrativa y Publicaciones, Ministerio de Trabajo y Asuntos Sociales _c2006 |
||
| 300 |
_a194 p. _bgráf. bl. y n. _c24 cm |
||
| 490 | 0 |
_aEstudios _v53 |
|
| 541 | _cGratuito | ||
| 650 | 4 |
_ainfancia _928518 |
|
| 650 | 4 |
_acuidado infantil _927062 |
|
| 650 | 4 |
_aescuela primaria _927426 |
|
| 650 | 4 |
_aguardería infantil _930328 |
|
| 650 | 4 |
_aoferta y demanda _927894 |
|
| 650 | 4 |
_acontrol de calidad _928253 |
|
| 650 | 4 |
_aEspaña _926964 |
|
| 650 | 4 |
_aComunidades Autónomas _930768 |
|
| 650 | 4 |
_927056 _aservicios sociales |
|
| 653 | 1 | 0 | _aEducación |
| 700 | 1 |
_aBalaguer, Irene _96924 |
|
| 710 | 2 |
_aEspaña _bMinisterio de Trabajo y Asuntos Sociales _eed. _93273 |
|
| 710 | 2 |
_aUniversitat de Vic _95405 |
|
| 830 | 0 |
_aEstudios (España. Ministerio de Trabajo y Asuntos Sociales) _v53 _932807 |
|
| 902 | _aLIB Libro | ||
| 942 |
_2CES _cBK _h4.0. |
||
| 999 |
_c21020 _d21020 |
||